• 首页
  • 本馆介绍
  • 公告通知
  • 最新文献
  • 馆藏检索
  • 电子资源
  • 读者导购
  • 参考咨询
  • 我的图书馆
  • 登录
  • 详细信息显示
  • 放入我的书架
  • 预约/预借图书
  • 作者相关作品
  • 分类相关作品
  • 丛书相关作品
  • 出版社相关作品

书目信息

  • 表格格式
  • 工作单格式
  • 卡片格式
题名:
数控车床编程与操作
    
 
作者: 王淑英
分册:  
出版信息: 北京   电子工业出版社  2016.02
页数: 191页
开本: 16cm
丛书名:
单 册:
中图分类: TG659
科图分类:
主题词: 组合机床 , 组合机床--加工
电子资源:
ISBN: 978-7-121-27013-0
000 00642nam0 2200217 450
001 833
005 20160912084350.79
010    @a978-7-121-27013-0@dCNY29.00
100    @a20160724d2016 km y0chiy0120 ea
101 0  @achi
102    @aCN@b110000
200 1  @a数控车床编程与操作@Ashu kong che chuang bian cheng yu cao zuo@f王淑英@Fwang shu ying
210    @a北京@c电子工业出版社@d2016.02
215    @a191页@d16cm
330    @a数控机床·程序设计·高等学校·教材
606 0  @a组合机床
606 0  @a组合机床@x加工
690    @aTG659@v4
701  0 @a王淑英@Awang shu ying
801  0 @aCN@b唐山师范学院图书馆@c20160724
905    @aZUCC@dTG659@e22
    
    数控车床编程与操作/王淑英.-北京:电子工业出版社,2016.02
    191页;16cm
    
    
    ISBN 978-7-121-27013-0:CNY29.00
    数控机床·程序设计·高等学校·教材
●
相关链接 在E读中查询图书 在五车中查询图书 在当当中查询图书 在豆瓣中查询图书


正题名:数控车床编程与操作     索取号:TG659/22         预约/预借

序号 登录号 条形码 馆藏地/架位号 状态 备注
1 903673   209036737   第二样本阅览室/ [索取号:TG659/22] 在馆    
2 903674   209036746   第三借阅区/ [索取号:TG659/22] 在馆    
3 903675   209036755   第三借阅区/ [索取号:TG659/22] 在馆    
4 903676   209036764   第三借阅区/ [索取号:TG659/22] 在馆    
5 903677   209036773   第三借阅区/ [索取号:TG659/22] 在馆    
唐山师范学院图书馆 欢迎您!
大连网信软件有限公司© 版权所有